Statistics for Tennis Players Nationalities

Click here to take the quiz!

General Stats

  • This quiz has been taken 51 times
  • The average score is 18 of 22

Answer Stats

HintAnswer% Correct
Novak DjokovicSerbia
98%
Rafael NadalSpain
98%
Roger FedererSwitzerland
98%
Stefanos TsitsipasGreece
95%
Andy MurrayUnited Kingdom
95%
Nick KyrgiosAustralia
93%
Daniil MedvedevRussia
93%
Andre AgassiUnited States
93%
Felix Auger-AliassimeCanada
88%
Diego SchwartzmanAregentina
86%
Geoffrey BlancaneauxFrance
86%
Casper RuudNorway
86%
Chun Hsin TsengTaiwan
86%
Grigor DimitrovBulgaria
84%
Hubert HurkaczPoland
84%
Jannik SinnerItaly
79%
Alexander ZverevGermany
77%
Tallon GriekspoorNetherlands
67%
Hugo DellienBolivia
53%
Nobert GombosSlovakia
49%
Kasidit SamrejThailand
47%
Kenny BunCambodia
37%

Score Distribution

Percentile by Number Answered

Percent of People with Each Score

Your Score History

You have not taken this quiz